000 00631nam a2200193 4500
001 3330
005 20181127171028.0
010 0 0 _a
020 0 0 _a8121903408
090 0 0 _a351 B5751p 2011
100 0 0 _aBhagwan, Vishnoo.
245 0 0 _aPublic administration /
_b
_cDr. Vishnoo Bhagwan and Dr. Vidya Bhushan.
_h
250 0 0 _aRev. ed.
260 0 0 _aNew Delhi :
_bS. Chand,
_c2011.
300 0 0 _a698 p.
500 0 0 _aFor the aspirants of Civil Services-Central and State, Honours and Postgraduate students of Different Indian University.
650 0 0 _aPublic administration.
_x
700 _aBhushan, Vidya.
_b
_c
_d
_e
_k
_l
_m
_n
_o
_p
_q
_r
_s
_t
999 _c2692
_d2692